000 00444nam a2200193Ia 4500
003 OSt
005 20260202100104.0
008 210210b1973 xxu||||| |||| 00| 0 eng d
040 _cAL
041 _aeng
082 _a823.8 STET
100 _aStevenson R L
_9253449
245 _aTreasure Island
260 _aBridlington
_bPriory Books
_c1973
300 _a182p
690 _aEnglish Fiction
_9253450
906 _a030234
942 _2ddc
_cBK
999 _c81418
_d81418